000 00258nam a2200109Ia 4500
008 200302s9999 xx 000 0 und d
100 _aL. Tarasov
245 _aThis Amazingly Symmetrical World
260 _bMir Publishers
260 _c1986
300 _a164 P.,
999 _c2334
_d2334